<?xml version='1.0' encoding='UTF-8'?>
  <record xmlns="http://www.loc.gov/MARC21/slim">
    <leader>00000ckm a2200000 i 4500</leader>
    <controlfield tag="001">on1053624015</controlfield>
    <controlfield tag="003">OCoLC</controlfield>
    <controlfield tag="005">20210212094039.0</controlfield>
    <controlfield tag="007">kl bo|</controlfield>
    <controlfield tag="008">180920s1752    ne nnn f          lndut d</controlfield>
    <datafield tag="040" ind1=" " ind2=" ">
      <subfield code="a">QGJ</subfield>
      <subfield code="b">eng</subfield>
      <subfield code="e">rda</subfield>
      <subfield code="c">QGJ</subfield>
      <subfield code="d">OCLCF</subfield>
      <subfield code="d">OCLCQ</subfield>
      <subfield code="d">OCLCO</subfield>
    </datafield>
    <datafield tag="035" ind1=" " ind2=" ">
      <subfield code="a">(OCoLC)1053624015</subfield>
    </datafield>
    <datafield tag="245" ind1="0" ind2="0">
      <subfield code="a">Afbeeldinge van de stuwagie van het ruijm en kruijtkamers van het 's lans schip van oorlog Maarsen :</subfield>
      <subfield code="b">soo als het is gestuwt geweest in het iaar 1747, doen het zelve onder een esquader van de Republicq der Vereenigde Nederlanden diende, welk esquader gecommandeert wierdt door ... luytenandt admiraal Cornelis Schrijver /</subfield>
      <subfield code="c">Gaspar Prost fecit Ao. 1752.</subfield>
    </datafield>
    <datafield tag="246" ind1="3" ind2=" ">
      <subfield code="a">Profiel der stuagie van 's lands schip van oorlog Maarsen, zoo als het was gestuwt Ao. 1747</subfield>
    </datafield>
    <datafield tag="246" ind1="3" ind2=" ">
      <subfield code="a">Afbeelding van de stuwagie van het ruim en kruitkamers van het 's lands schip van oorlog Maarsen :</subfield>
      <subfield code="b">zo als het is gestuwd geweest in het jaar 1747</subfield>
    </datafield>
    <datafield tag="264" ind1=" " ind2="1">
      <subfield code="a">[The Netherlands],</subfield>
      <subfield code="c">1752</subfield>
    </datafield>
    <datafield tag="300" ind1=" " ind2=" ">
      <subfield code="a">7 manuscript drawings on 1 sheet ;</subfield>
      <subfield code="c">56 x 62 cm, on sheet 65 x 98 cm</subfield>
    </datafield>
    <datafield tag="336" ind1=" " ind2=" ">
      <subfield code="a">still image</subfield>
      <subfield code="b">sti</subfield>
      <subfield code="2">rdacontent</subfield>
    </datafield>
    <datafield tag="337" ind1=" " ind2=" ">
      <subfield code="a">unmediated</subfield>
      <subfield code="b">n</subfield>
      <subfield code="2">rdamedia</subfield>
    </datafield>
    <datafield tag="338" ind1=" " ind2=" ">
      <subfield code="a">unspecified</subfield>
      <subfield code="b">zu</subfield>
      <subfield code="2">rdacarrier</subfield>
    </datafield>
    <datafield tag="500" ind1=" " ind2=" ">
      <subfield code="a">View from above, with explanatory notes.</subfield>
    </datafield>
    <datafield tag="507" ind1=" " ind2=" ">
      <subfield code="a">Schaal van Engelsche voeten (0-45).</subfield>
    </datafield>
    <datafield tag="650" ind1=" " ind2="0">
      <subfield code="a">Warships in art.</subfield>
    </datafield>
    <datafield tag="650" ind1=" " ind2="7">
      <subfield code="a">Warships in art.</subfield>
      <subfield code="2">fast</subfield>
      <subfield code="0">(OCoLC)fst01170889</subfield>
    </datafield>
    <datafield tag="700" ind1="1" ind2=" ">
      <subfield code="a">Prost, Gasper,</subfield>
      <subfield code="d">active 1752.</subfield>
    </datafield>
  </record>